Modele Volvo - Statystyki

Ogólne statystyki
  • Ten quiz został rozwiązany 18 razy
  • Średni wynik to 16 z 26
Statystyki odpowiedzi
Hint Odpowiedź % Poprawnych
Seria 900 940
100%
Seria 800 850
94%
Seria 900 960
94%
Seria 700 740
88%
Seria 700 760
88%
Seria 700 780
88%
Seria 400 440
82%
Seria 400 460
82%
Seria 400 480
82%
Seria 300 340
76%
Seria 200 265
59%
P P1800
59%
Seria 200 244
53%
Seria 200 245
53%
Seria 100 144
47%
Seria 100 145
47%
Seria 200 242
47%
Seria 100 142
41%
Seria 100 164
41%
Seria 200 262
41%
Seria 200 264
41%
P Amazon
41%
1927 PV4
41%
PV PV444
29%
PV PV544
24%
1927 ÖV4
12%
Nie znaleziono quizów pasujących do podanych kryteriów
Rozkład punktacji
Procent ludzi z każdym wynikiem
Percentyl według liczby udzielonych odpowiedzi
Twoja historia wyników
Nie rozwiązałeś tego quizu